000 00597nam a2200169Ia 4500
003 IEPS
005 20250703135244.0
008 250223s9999||||xx |||||||||||||| ||und||
040 _CIEPS
041 _aara
082 _a613.71
100 _aعلي عادل عبد البصير
245 0 _aتدريب القوة العضلية التكامل بين النظرية و التطبيق
260 _aالاسكندرية
_bالمكتبة المصرية للطباعة و النشر و التوزيع
_c2004
300 _a320 ص.
_bرسوم بيانية ، مخططات
_c30 سم.
942 _cكتاب
999 _c11408
_d11408